[Event "KP 2024/25,SK Jicin B-SK Lipa"]
[Site "?"]
[Date "2024.11.24"]
[Round "3.6"]
[White "Barvinek, Milan"]
[Black "Kordik, Jan"]
[Result "1/2-1/2"]
[WhiteElo "1870"]
[BlackElo "1637"]
[PlyCount "78"]
[EventDate "2024.??.??"]
[WhiteTeam "SK Jicin B"]
[BlackTeam "SK Lipa B"]

1. e4 e6 2. d4 d5 3. e5 c5 4. c3 Nc6 5. Nf3 Qb6 6. Bd3 Bd7 7. Bc2 cxd4 8. cxd4
Nge7 9. g4 Rc8 10. Nc3 Nb4 11. O-O Nxc2 12. Qxc2 Nc6 13. Be3 Be7 14. h4 f6 15.
Qd2 a6 16. Rac1 fxe5 17. dxe5 Qd8 18. g5 O-O 19. Kg2 Rxf3 20. Kxf3 d4 21. Bxd4
Nxd4+ 22. Kg4 Nf5 23. Ne4 Bc6 24. Qc3 Qd4 25. Qxd4 Nxd4 26. Rfd1 Nf5 27. Nd6
Bxd6 28. exd6 Rd8 29. Rc3 Rxd6 30. Rxd6 Nxd6 31. Kf4 Kf7 32. Rd3 Ke7 33. h5 g6
34. hxg6 hxg6 35. Rh3 Nf5 36. Ke5 Kf7 37. Rh8 Bd5 38. a3 Kg7 39. Rc8 Kf7
1/2-1/2

[Event "KP 2024/25, Panda RK B-SK Jicin B"]
[Site "Rychnov nad Kněžnou, Czech "]
[Date "2024.12.08"]
[Round "4.1"]
[White "Horak, Jan"]
[Black "Lajbl, Jan"]
[Result "1/2-1/2"]
[WhiteElo "2124"]
[BlackElo "2212"]
[Annotator "user"]
[PlyCount "36"]
[EventDate "2024.??.??"]

1. d4 {[%emt 0:00:10]} d5 {[%emt 0:00:24]} 2. Nf3 {[%emt 0:00:33]} c5 {[%emt 0:
00:12]} 3. g3 {[%emt 0:09:30]} cxd4 {[%emt 0:00:08]} 4. Nxd4 {[%emt 0:03:05]}
e5 {[%emt 0:00:23]} 5. Nb3 {[%emt 0:00:38]} h6 {[%emt 0:08:31]} 6. Bg2 {
[%emt 0:00:45]} Nf6 {[%emt 0:03:49]} 7. O-O {[%emt 0:03:30]} Nc6 {[%emt 0:02:
04]} 8. c4 {[%emt 0:14:40]} d4 {[%emt 0:00:13]} 9. e3 {[%emt 0:01:59]} d3 {
[%emt 0:08:58]} 10. Nc3 {[%emt 0:01:42]} Be6 {[%emt 0:06:23]} 11. Nd5 {[%emt 0:
03:03]} Nxd5 {[%emt 0:03:34]} 12. cxd5 {[%emt 0:00:18]} Bxd5 {[%emt 0:00:04]}
13. Qxd3 {[%emt 0:01:21]} Bxg2 {[%emt 0:00:29]} 14. Qxd8+ {[%emt 0:00:10]} Rxd8
{[%emt 0:00:02]} 15. Kxg2 {[%emt 0:00:07]} a5 {[%emt 0:00:56]} 16. e4 {[%emt 0:
03:56]} a4 {[%emt 0:04:21]} 17. Nd2 {[%emt 0:00:59]} Bb4 {[%emt 0:13:45]} 18.
Nf3 {[%emt 0:03:28]} O-O {[%emt 0:13:41]} 1/2-1/2

[Event "KP 2024/25, Panda RK B-SK Jicin B"]
[Site "Rychnov nad Kněžnou, Czech "]
[Date "2024.12.08"]
[Round "4.2"]
[White "Urban, Zdenek"]
[Black "Zelba, Lukas"]
[Result "1/2-1/2"]
[WhiteElo "2150"]
[BlackElo "2024"]
[PlyCount "110"]
[EventDate "2024.??.??"]

1. d4 d5 2. c4 e6 3. Nc3 c6 4. e3 f5 5. f4 b6 6. Nf3 Nf6 7. Ne5 Bd6 8. Be2 O-O
9. O-O Ba6 10. Bd2 Ne4 11. Nxe4 dxe4 12. Bc3 c5 13. d5 Bxe5 14. Bxe5 exd5 15.
cxd5 Bxe2 16. Qxe2 Qxd5 17. Rfd1 Qf7 18. Qb5 Rc8 19. Rd6 Qe8 20. a4 Nc6 21. Bc3
Ne7 22. Rad1 Qxb5 23. axb5 Rc7 24. Kf2 Kf7 25. Be5 Rb7 26. Rd8 Rxd8 27. Rxd8 a6
28. bxa6 Ra7 29. Rb8 Rxa6 30. Rb7 b5 31. Rxb5 c4 32. Ke2 g6 33. Bc3 Ke6 34.
Re5+ Kd7 35. Bb4 Nc6 36. Rd5+ Kc7 37. Bc3 Ra1 38. h3 Rc1 39. g4 Rc2+ 40. Kd1
Rh2 41. gxf5 gxf5 42. Rxf5 Rxh3 43. Ke2 Rh2+ 44. Kf1 Rh3 45. Kf2 Rh2+ 46. Kg3
Re2 47. Rf7+ Kd6 48. f5 Rxe3+ 49. Kf4 Re2 50. Rxh7 e3 51. Rh3 Rf2+ 52. Rf3 Ne7
53. Bb4+ Kd7 54. Bxe7 Kxe7 55. Kxe3 Rxb2 1/2-1/2

[Event "KP 2024/25, Panda RK B-SK Jicin B"]
[Site "Rychnov nad Kněžnou, Czech "]
[Date "2024.12.08"]
[Round "4.3"]
[White "Novotny, Josef"]
[Black "Pochinkov, Andrey"]
[Result "1-0"]
[WhiteElo "1922"]
[BlackElo "2031"]
[PlyCount "49"]
[EventDate "2024.??.??"]

1. e3 Nf6 2. d3 e5 3. Nf3 d6 4. h3 g6 5. Nc3 Bg7 6. Be2 O-O 7. O-O Re8 8. e4 c6
9. a4 Nbd7 10. Re1 Nf8 11. Bf1 Ne6 12. Be3 a5 13. g3 Bd7 14. Bg2 Qc7 15. d4
exd4 16. Nxd4 Nc5 17. Bc1 Re7 18. Nb3 Nxb3 19. cxb3 Be6 20. Be3 Rae8 21. Rc1
Qd8 22. Re2 Rd7 23. Rd2 h6 24. Kh2 Qe7 25. Rd3 1-0

[Event "KP 2024/25, Panda RK B-SK Jicin B"]
[Site "Rychnov nad Kněžnou, Czech "]
[Date "2024.12.08"]
[Round "4.4"]
[White "Zakoucka, Adela"]
[Black "Daniel, Jiri"]
[Result "1/2-1/2"]
[WhiteElo "1929"]
[BlackElo "1918"]
[PlyCount "247"]
[EventDate "2024.??.??"]

1. e4 d6 2. d4 Nf6 3. Nc3 g6 4. Bc4 Bg7 5. h3 O-O 6. Nf3 c6 7. a4 a5 8. Qe2 Na6
9. O-O Nc7 10. Bf4 e6 11. e5 dxe5 12. Bxe5 Ncd5 13. Na2 Nh5 14. Bxg7 Kxg7 15.
c3 Qf6 16. Ne5 Nhf4 17. Qf3 g5 18. Rae1 h5 19. Nc1 Qf5 20. Qg3 f6 21. Ned3 Bd7
22. Nxf4 Qxf4 23. Qd3 Qd6 24. Ne2 h4 25. Bb3 f5 26. Bc2 Rf6 27. Qd2 Rg6 28. f3
b6 29. Bb1 c5 30. dxc5 Qxc5+ 31. Qd4+ Qxd4+ 32. Nxd4 Kf7 33. Bc2 Rf6 34. Re5
Rc8 35. Rfe1 Rc5 36. Bb3 Nf4 37. Nb5 Ke7 38. Rxc5 bxc5 39. Rd1 e5 40. Kf2 Rb6
41. Bc4 g4 42. fxg4 fxg4 43. hxg4 Bxg4 44. Re1 Kf6 45. Rh1 Kg5 46. g3 hxg3+ 47.
Kxg3 Nh5+ 48. Kf2 Rf6+ 49. Ke1 e4 50. Rg1 Nf4 51. Kd2 Kh4 52. Ke3 Bf3 53. Bf1
Nd5+ 54. Kd2 Nf4 55. Rg8 Ng6 56. Ke3 Bh1 57. Be2 Bf3 58. Bf1 Kg5 59. Nc7 Kh4
60. Nd5 Rd6 61. Bc4 Ne5 62. Rh8+ Kg3 63. Rg8+ Ng4+ 64. Rxg4+ Kxg4 65. Bb3 Kf5
66. Nf4 Ke5 67. Bc2 Rf6 68. Nh3 Rb6 69. b3 Rh6 70. Nf2 Rh4 71. Bb1 Bg2 72. Bc2
Rf4 73. Bd1 Rf8 74. Ng4+ Kf5 75. Nf2 Rd8 76. Bc2 Re8 77. Bb1 Bf3 78. Bc2 Re7
79. Bb1 c4 80. bxc4 Rb7 81. Bc2 Ke5 82. Nxe4 Bxe4 83. Bxe4 Rg7 84. Bf3 Rg3 85.
c5 Rg1 86. Kd3 Rg3 87. Ke3 Rh3 88. c4 Rh4 89. Bd5 Rh3+ 90. Bf3 Rh8 91. Kd3 Rh3
92. Ke3 Rh2 93. Bc6 Ra2 94. Kd3 Ra3+ 95. Kc2 Kd4 96. Bb5 Kxc5 97. Kb2 Rg3 98.
Kc2 Kb4 99. Kd2 Kc5 100. Ke2 Kd4 101. Kf2 Rc3 102. Ke2 Ra3 103. Kf2 Ra2+ 104.
Kf3 Ra1 105. Kf2 Rc1 106. Ke2 Rc2+ 107. Kf3 Ke5 108. Ke3 Rc3+ 109. Kd2 Kd4 110.
Ke2 Rc2+ 111. Kf3 Rb2 112. Ba6 Rc2 113. Bb5 Ra2 114. Kf4 Rf2+ 115. Kg3 Rf8 116.
Kg4 Kc5 117. Kg3 Rf7 118. Kg4 Rf1 119. Kg3 Rc1 120. Kf3 Rxc4 121. Bxc4 Kxc4
122. Ke3 Kb4 123. Kd3 Kxa4 124. Kc2 1/2-1/2

[Event "KP 2024/25, Panda RK B-SK Jicin B"]
[Site "Rychnov nad Kněžnou, Czech "]
[Date "2024.12.08"]
[Round "4.5"]
[White "Dvorak, Milan"]
[Black "Sajdl, Jan"]
[Result "0-1"]
[WhiteElo "1890"]
[BlackElo "1889"]
[PlyCount "76"]
[EventDate "2024.??.??"]

1. e4 d6 2. d4 Nf6 3. Nc3 g6 4. Nf3 Bg7 5. h3 O-O 6. Be3 Nc6 7. Bc4 e5 8. d5
Ne7 9. Qd2 a6 10. a4 Bd7 11. O-O Ne8 12. Bh6 f5 13. Bxg7 Kxg7 14. Qe2 h6 15.
Nh2 f4 16. Qd1 Nf6 17. Be2 g5 18. Ng4 Ng6 19. Nxf6 Qxf6 20. Bg4 Rad8 21. Bxd7
Rxd7 22. f3 h5 23. Kf2 Qd8 24. Qd3 g4 25. hxg4 Qh4+ 26. Ke2 hxg4 27. Rh1 Qg3
28. Rag1 Rdf7 29. Kf1 Rh8 30. Ne2 gxf3 31. gxf3 Rxh1 32. Nxg3 Rxg1+ 33. Kxg1
fxg3 34. Qc4 Nf4 35. b4 Kf6 36. b5 Rh7 37. b6 g2 38. Kf2 Rh1 0-1

[Event "KP 2024/25, Panda RK B-SK Jicin B"]
[Site "Rk"]
[Date "2024.12.08"]
[Round "4.6"]
[White "Rydl, Jan"]
[Black "Rambousek, Josef"]
[Result "1/2-1/2"]
[WhiteElo "1832"]
[BlackElo "1812"]
[PlyCount "91"]
[EventDate "2024.??.??"]

1. e4 c5 2. f4 d5 3. exd5 Qxd5 4. Bb5+ Nc6 5. Qf3 Qe6+ 6. Ne2 Bd7 7. O-O a6 8.
f5 Qd6 9. Bxc6 Bxc6 10. Qg3 Nf6 11. d3 Qxg3 12. Nxg3 g6 13. b3 Bg7 14. Bb2 O-O
15. Nd2 Rad8 16. Rae1 Rfe8 17. Re2 a5 18. Nc4 Ra8 19. Ne5 Rac8 20. a4 b6 21.
Rfe1 Bf8 22. Nc4 Nd5 23. h4 h5 24. fxg6 fxg6 25. Rf2 Bg7 26. Bxg7 Kxg7 27. Ne4
Rf8 28. Ref1 Rxf2 29. Rxf2 Rf8 30. Rxf8 Kxf8 31. Ng5 Kg7 32. Kf2 Bb7 33. g3 Ba6
34. Ne3 Nxe3 35. Kxe3 Kf6 36. Ne4+ Kf5 37. Nc3 e6 38. Ne4 Ke5 39. Ng5 Kf5 40.
Kf2 e5 41. Ne4 Ke6 42. Ke3 Bb7 43. Nd2 Bd5 44. Nb1 Kf5 45. Nc3 Bc6 46. Nd1
1/2-1/2

[Event "KP 2024/25, Panda RK B-SK Jicin B"]
[Site "?"]
[Date "2024.12.08"]
[Round "4.7"]
[White "Dusanek, Michal"]
[Black "Kordik, Jan"]
[Result "0-1"]
[WhiteElo "1852"]
[BlackElo "1671"]
[PlyCount "36"]
[EventDate "2024.??.??"]
[SourceVersionDate "2024.12.08"]

1. d4 d5 2. Bf4 c5 3. c3 Nc6 4. e3 cxd4 5. exd4 Qb6 6. Qb3 Qxb3 7. axb3 f6 8.
Nf3 g5 9. Bg3 Bf5 10. Nbd2 h5 11. h3 e6 12. Bb5 Nge7 13. b4 Kf7 14. Nb3 b6 15.
Ke2 h4 16. Bd6 g4 17. hxg4 Bxg4 18. Ba6 e5 0-1

[Event "KP 2024/25, Panda RK B-SK Jicin B"]
[Site "?"]
[Date "2024.12.08"]
[Round "4.8"]
[White "Polotec, Le Elias"]
[Black "Hartman, Ivo"]
[Result "0-1"]
[WhiteElo "1429"]
[BlackElo "1767"]
[PlyCount "99"]
[EventDate "2024.??.??"]
[SourceVersionDate "2024.12.08"]

1. d4 e6 2. c4 d5 3. Nc3 Nf6 4. cxd5 exd5 5. Bg5 Be7 6. e3 c6 7. Bd3 h6 8. Bh4
O-O 9. Nge2 Bg4 10. f3 Bc8 11. O-O Re8 12. e4 Nxe4 13. Bxe7 Nxc3 14. Bxd8 Nxd1
15. Rfxd1 Rxd8 16. Rac1 Nd7 17. Rc3 Re8 18. Ng3 Nf8 19. Rf1 Ne6 20. Re1 Bd7 21.
Nf5 Nc7 22. Rxe8+ Nxe8 23. Ne3 Nd6 24. Rb3 Re8 25. Kf2 Bc8 26. g4 g6 27. h4 Kg7
28. Rc3 f5 29. Rc1 fxg4 30. Nxg4 Bxg4 31. fxg4 Ne4+ 32. Bxe4 Rxe4 33. Re1 Rxd4
34. Re7+ Kf6 35. Rxb7 Rxg4 36. Rxa7 Rxh4 37. Kg3 Rc4 38. Rb7 d4 39. Rd7 h5 40.
Kf3 g5 41. b3 Rc3+ 42. Ke4 c5 43. Rd6+ Ke7 44. Rd5 Re3+ 45. Kf5 g4 46. Rxc5 g3
47. Kf4 h4 48. Rg5 h3 49. Rxg3 Rxg3 50. Kxg3 0-1

[Event "KP 2024/25,SK Lipa C-J. Horice"]
[Site "?"]
[Date "2024.12.08"]
[Round "4.1"]
[White "Pokorny, Zdenek"]
[Black "Kulhanek, Jachym"]
[Result "1-0"]
[WhiteElo "2187"]
[BlackElo "1994"]
[PlyCount "27"]
[EventDate "2024.??.??"]
[SourceVersionDate "2024.12.08"]

1. e4 c5 2. c3 d5 3. exd5 Qxd5 4. d4 cxd4 5. cxd4 e5 6. Be3 Nc6 7. Nc3 Bb4 8.
Nf3 Bg4 9. dxe5 Bxf3 10. Qxf3 Qxf3 11. gxf3 Nxe5 12. O-O-O Ne7 13. Nd5 O-O 14.
Nxb4 1-0

[Event "KP 2024/25,SK Lipa C-J. Horice"]
[Site "?"]
[Date "2024.12.08"]
[Round "4.2"]
[White "Flasar, Jaroslav"]
[Black "Fiedler, Bedrich"]
[Result "1-0"]
[WhiteElo "2017"]
[BlackElo "2062"]
[PlyCount "49"]
[EventDate "2024.??.??"]
[SourceVersionDate "2024.12.08"]

1. e4 c5 2. Nf3 d6 3. d4 cxd4 4. Nxd4 Nf6 5. Nc3 g6 6. f3 Nc6 7. Be3 h5 8. Bc4
Bd7 9. Qd2 Nxd4 10. Bxd4 Bh6 11. Qd3 Bg7 12. Nd5 e5 13. Be3 Bc6 14. O-O-O Nxd5
15. Bxd5 Ke7 16. Bb3 Bh6 17. Bxh6 Rxh6 18. Qe3 Rh7 19. Rd2 Qh8 20. Rhd1 Qf6 21.
Rxd6 Qxd6 22. Rxd6 Kxd6 23. Qg5 Re8 24. Qf6+ Kc7 25. Bxf7 1-0

[Event "KP 2024/25,SK Lipa C-J. Horice"]
[Site "?"]
[Date "2024.12.08"]
[Round "4.3"]
[White "Ruda, Ondrej"]
[Black "Matonoha, Ctirad"]
[Result "0-1"]
[WhiteElo "1998"]
[BlackElo "1978"]
[PlyCount "92"]
[EventDate "2024.??.??"]
[SourceVersionDate "2024.12.08"]

1. e4 e5 2. Nf3 Nc6 3. Nc3 Nf6 4. Bb5 Bb4 5. d3 d6 6. O-O a6 7. Ba4 b5 8. Bb3
Bg4 9. Nd5 Bc5 10. c3 h6 11. Be3 Rb8 12. h3 Bh5 13. Rc1 Nxd5 14. Bxd5 Ne7 15.
Bb3 Nc6 16. d4 Bb6 17. Bd5 Qd7 18. a4 O-O 19. axb5 axb5 20. dxe5 Bxf3 21. Qxf3
Nxe5 22. Qg3 Bxe3 23. Qxe3 Nc4 24. Qe2 c6 25. Bxc4 bxc4 26. Qxc4 Rxb2 27. Rcd1
Rd8 28. Qd4 Qe6 29. Rfe1 Ra8 30. Re3 Raa2 31. Qxd6 Rxf2 32. Rg3 Qxe4 33. Qd8+
Kh7 34. Qd3 Rxg2+ 35. Rxg2 Rxg2+ 36. Kf1 Qxd3+ 37. Rxd3 Rc2 38. Kg1 f6 39. h4
Kg6 40. Rg3+ Kf7 41. h5 c5 42. Rd3 f5 43. Rd5 Rxc3 44. Rxf5+ Ke6 45. Rf8 Rh3
46. Re8+ Kd5 0-1

[Event "KP 2024/25,SK Lipa C-J. Horice"]
[Site "?"]
[Date "2024.12.08"]
[Round "4.4"]
[White "Rusnak, Jan"]
[Black "Novak, Ludek"]
[Result "1-0"]
[WhiteElo "1971"]
[BlackElo "1938"]
[PlyCount "101"]
[EventDate "2024.??.??"]
[SourceVersionDate "2024.12.08"]

1. e4 c5 2. c3 Qa5 3. Nf3 Nc6 4. Bc4 b5 5. Bb3 d6 6. O-O Nf6 7. d4 e6 8. d5 Nd8
9. Re1 e5 10. a4 Rb8 11. Bg5 b4 12. c4 Be7 13. Bc2 Qc7 14. b3 h6 15. Bxf6 Bxf6
16. h3 g5 17. Nh2 h5 18. Qf3 Qe7 19. Nd2 Bg7 20. Ndf1 Qf6 21. Bd1 Qxf3 22. Bxf3
f5 23. exf5 Bxf5 24. Ng3 Bg6 25. Be4 Bxe4 26. Nxe4 Nf7 27. Nf3 g4 28. hxg4 hxg4
29. Nh2 g3 30. Nxg3 Nh6 31. Ne4 Kd7 32. g4 Rbf8 33. Kg2 Rf4 34. f3 Bf6 35. Rad1
Be7 36. Nf1 Rhf8 37. Nfd2 Rg8 38. Nf2 Nf5 39. Nd3 Nh4+ 40. Kf2 Rf7 41. Ke2 Bg5
42. Rh1 Rgf8 43. Rdf1 Be7 44. Rh3 Ng6 45. Rfh1 Bg5 46. Ne4 Be7 47. Rf1 Bd8 48.
Rh6 Nh4 49. Rxd6+ Ke7 50. Nxe5 Rf4 51. Re6# 1-0

[Event "KP 2024/25,SK Lipa C-J. Horice"]
[Site "?"]
[Date "2024.12.08"]
[Round "4.5"]
[White "Smid, Jaroslav"]
[Black "Sedivy, Ales"]
[Result "1/2-1/2"]
[WhiteElo "1920"]
[BlackElo "1943"]
[PlyCount "35"]
[EventDate "2024.??.??"]
[SourceVersionDate "2024.12.08"]

1. e4 e6 2. Nf3 d5 3. Nc3 Nf6 4. exd5 exd5 5. d4 c6 6. Bd3 Bg4 7. O-O Be7 8.
Re1 O-O 9. Bg5 h6 10. Bh4 Re8 11. h3 Be6 12. Ne2 Nh5 13. Bg3 Nxg3 14. Nxg3 Nd7
15. c3 Bd6 16. Nf5 Nf6 17. Nxd6 Qxd6 18. Ne5 1/2-1/2

[Event "KP 2024/25,SK Lipa C-J. Horice"]
[Site "?"]
[Date "2024.12.08"]
[Round "4.6"]
[White "Kohout, Jan"]
[Black "Nemec, Otakar"]
[Result "1/2-1/2"]
[WhiteElo "1922"]
[BlackElo "1842"]
[PlyCount "31"]
[EventDate "2024.??.??"]
[SourceVersionDate "2024.12.08"]

1. d4 Nf6 2. Nf3 g6 3. g3 Bg7 4. Bg2 d5 5. O-O O-O 6. Nbd2 b6 7. b3 Bb7 8. Bb2
Nbd7 9. Rc1 c5 10. e3 e6 11. Re1 Ne4 12. Nxe4 dxe4 13. Nd2 f5 14. f3 exf3 15.
Bxf3 Bxf3 16. Qxf3 1/2-1/2

[Event "KP 2024/25,SK Lipa C-J. Horice"]
[Site "?"]
[Date "2024.12.08"]
[Round "4.7"]
[White "Tsapanidis, Vasilis"]
[Black "Safarik, Kamil"]
[Result "1/2-1/2"]
[WhiteElo "1811"]
[BlackElo "1868"]
[PlyCount "120"]
[EventDate "2024.??.??"]
[SourceVersionDate "2024.12.08"]

1. e4 c5 2. Nf3 a6 3. d4 cxd4 4. Nxd4 e6 5. Bd3 Nc6 6. Nxc6 bxc6 7. O-O d5 8.
exd5 cxd5 9. c4 d4 10. Be4 Ra7 11. Bc6+ Bd7 12. Qxd4 Rc7 13. Bxd7+ Rxd7 14. Qc3
Nf6 15. Bg5 Be7 16. Qf3 O-O 17. Nc3 Qc7 18. b3 h6 19. Bh4 Rfd8 20. Rad1 Qa5 21.
Rxd7 Rxd7 22. a4 g5 23. Bg3 h5 24. h3 g4 25. Qe3 Nh7 26. hxg4 hxg4 27. Rd1 Rb7
28. Ne2 Qb4 29. Nc1 Bc5 30. Qe2 Nf8 31. Qxg4+ Ng6 32. Nd3 Qb6 33. Nxc5 Qxc5 34.
Rd3 Qa3 35. Qd1 e5 36. f3 Qc5+ 37. Bf2 Qe7 38. g3 Qg5 39. Kf1 Qh5 40. Kg2 Qg5
41. Kf1 Qf5 42. Rd8+ Kg7 43. Qd3 Qh3+ 44. Kg1 Re7 45. Qd6 Qh5 46. Kg2 Re6 47.
Qd3 Qg5 48. Be3 Nf4+ 49. Bxf4 exf4 50. Qd4+ Rf6 51. g4 Qh4 52. Qf2 Qg5 53. Rd5
Qg6 54. Qb2 Kf8 55. Qe5 Qc2+ 56. Kf1 Qb1+ 57. Kf2 Qa2+ 58. Qe2 Qxb3 59. a5 Re6
60. Re5 Rxe5 1/2-1/2

[Event "KP 2024/25,SK Lipa C-J. Horice"]
[Site "?"]
[Date "2024.12.08"]
[Round "4.8"]
[White "Matejak, Josef"]
[Black "Prazak, Pavel"]
[Result "0-1"]
[WhiteElo "1661"]
[BlackElo "1835"]
[PlyCount "100"]
[EventDate "2024.??.??"]
[SourceVersionDate "2024.12.08"]

1. e4 c5 2. Bc4 d6 3. d3 Nf6 4. Nf3 e6 5. Qe2 a6 6. a4 Nc6 7. O-O Qc7 8. Nc3
Be7 9. h3 Nd4 10. Nxd4 cxd4 11. Nd1 O-O 12. c3 dxc3 13. Nxc3 Bd7 14. Be3 Bc6
15. a5 Qd7 16. Bb6 Rfe8 17. Bb3 Bd8 18. Na4 Qe7 19. Rfc1 Nd7 20. Qe3 Bxb6 21.
Nxb6 Nc5 22. Bc2 Rab8 23. Re1 Qf6 24. d4 Nd7 25. Nxd7 Bxd7 26. e5 Qe7 27. Qd2
Bc6 28. Be4 Bxe4 29. Rxe4 Rec8 30. Ree1 dxe5 31. dxe5 Rd8 32. Qc3 Rbc8 33. Qa3
Kf8 34. Rac1 Qxa3 35. bxa3 Ke7 36. Rxc8 Rxc8 37. Rb1 Rc7 38. f4 Kd8 39. Kf2 Kc8
40. Rb3 Rc5 41. g4 Rxa5 42. Rc3+ Kd7 43. g5 Rd5 44. Ke3 b5 45. h4 Rd1 46. Kf3
Rh1 47. Kg4 Rf1 48. Rf3 Rxf3 49. Kxf3 a5 50. Ke3 Kc6 0-1

[Event "KP 2024/25,TJ Nachod B-SK Lomnice"]
[Site "?"]
[Date "2024.12.08"]
[Round "4.1"]
[White "Mojzis, Jan"]
[Black "Novotny, Jaroslav"]
[Result "1/2-1/2"]
[WhiteElo "2049"]
[BlackElo "2151"]
[PlyCount "33"]
[EventDate "2023.??.??"]

1. e4 c6 2. d4 d5 3. exd5 cxd5 4. c4 Nf6 5. Nf3 e6 6. Nc3 Bb4 7. a3 Bxc3+ 8.
bxc3 O-O 9. Be2 dxc4 10. O-O Nbd7 11. Bxc4 Qc7 12. Qe2 b6 13. Bd2 Bb7 14. Bd3
Rfe8 15. Rfe1 Rac8 16. Rac1 Nf8 17. Ne5 1/2-1/2

[Event "KP 2024/25,TJ Nachod B-SK Lomnice"]
[Site "?"]
[Date "2024.12.08"]
[Round "4.2"]
[White "Blazek, Dusan"]
[Black "Semerak, Pavel"]
[Result "0-1"]
[WhiteElo "2089"]
[BlackElo "1959"]
[PlyCount "120"]
[EventDate "2023.??.??"]

1. e4 d6 2. d4 Nf6 3. Nc3 e5 4. Nf3 exd4 5. Nxd4 Be7 6. Be2 O-O 7. O-O Re8 8.
f4 c5 9. Nb3 Nc6 10. Kh1 a6 11. a4 Be6 12. Be3 Nb4 13. Bf3 Qc7 14. Bg1 Rad8 15.
Nd5 Nfxd5 16. exd5 Bf5 17. Rf2 Bf6 18. Rb1 c4 19. Nc1 a5 20. g4 Bd7 21. c3 Na6
22. g5 Be7 23. Ne2 Nc5 24. Ra1 Bf8 25. Rg2 g6 26. Bd4 Nb3 27. Ra2 Nxd4 28. Nxd4
Bg7 29. Ra1 Re3 30. Nb5 Qc5 31. Na3 Rd3 32. Qf1 Bh3 33. Be2 Bxg2+ 34. Qxg2 Re3
35. Nxc4 Re7 36. Bd3 Rde8 37. Rf1 Re1 38. h4 f6 39. Kh2 fxg5 40. hxg5 Rxf1 41.
Bxf1 Rf8 42. Kg3 h6 43. Qe4 hxg5 44. Qe6+ Kh7 45. Qh3+ Bh6 46. Qd7+ Kh8 47.
Nxd6 gxf4+ 48. Kh2 Qf2+ 49. Bg2 f3 50. Qh3 Qxg2+ 51. Qxg2 fxg2 52. Kxg2 b6 53.
Nc4 Bc1 54. b3 Kg7 55. Nxb6 Rb8 56. Nc4 Rxb3 57. d6 Rxc3 58. d7 Bg5 59. Nxa5
Rd3 60. Nc6 Rxd7 0-1

[Event "KP 2024/25,TJ Nachod B-SK Lomnice"]
[Site "?"]
[Date "2024.12.08"]
[Round "4.3"]
[White "Sobotnik, Petr"]
[Black "Volman, Vaclav ml."]
[Result "0-1"]
[WhiteElo "1929"]
[BlackElo "1949"]
[PlyCount "146"]
[EventDate "2023.??.??"]

1. c4 e5 2. Nc3 Nf6 3. Nf3 Nc6 4. d4 exd4 5. Nxd4 Be7 6. Bg5 Nxd4 7. Qxd4 O-O
8. e4 d6 9. Be2 Re8 10. f3 Be6 11. Rd1 Nd7 12. Bxe7 Qxe7 13. O-O a5 14. Rd2 b6
15. f4 f6 16. Bf3 Rad8 17. Rfd1 Nc5 18. Nd5 Bxd5 19. Qxd5+ Qf7 20. e5 fxe5 21.
fxe5 Qxd5 22. Bxd5+ Kh8 23. exd6 Rxd6 24. Bf3 Rxd2 25. Rxd2 g6 26. Kf2 Kg7 27.
Rd4 Re7 28. Rd8 Kf6 29. b3 Rd7 30. Rxd7 Nxd7 31. Ke3 Ke5 32. h4 h6 33. g3 g5
34. hxg5 hxg5 35. Be4 Nc5 36. Bd5 Na6 37. Be4 Nc5 38. Bc2 Ne6 39. Bd3 Ng7 40.
Bg6 c5 41. Bb1 Ne8 42. Bc2 Nd6 43. Bg6 a4 44. Bc2 a3 45. Bg6 Nb7 46. Bb1 Na5
47. Bc2 Nc6 48. Be4 Nd4 49. Bb1 Ne6 50. Be4 Ng7 51. Bg6 Ne6 52. Be4 Nf8 53. Bc2
Nd7 54. Be4 Nf6 55. Bf3 Kf5 56. Bd1 Ng4+ 57. Kf3 Nf6 58. Ke3 Ke5 59. Bf3 g4 60.
Bb7 Nh5 61. Bc8 Nxg3 62. Bxg4 Ne4 63. Bd7 Nc3 64. Kd3 Nxa2 65. Ba4 Kd6 66. Kc2
Ke5 67. Be8 Kd4 68. Kb1 Nb4 69. Bb5 Kc3 70. Ba4 a2+ 71. Ka1 Kc2 72. Be8 Kxb3
73. Bg6 Nc2+ 0-1

[Event "KP 2024/25,TJ Nachod B-SK Lomnice"]
[Site "?"]
[Date "2024.12.08"]
[Round "4.4"]
[White "Blaha, Milan"]
[Black "Jirman, Jonas"]
[Result "1/2-1/2"]
[WhiteElo "1966"]
[BlackElo "1730"]
[PlyCount "49"]
[EventDate "2023.??.??"]

1. d4 Nf6 2. Nf3 g6 3. g3 Bg7 4. Bg2 d5 5. O-O O-O 6. c4 c6 7. Nc3 Re8 8. Ne5
b6 9. Qb3 e6 10. Rd1 Bb7 11. e4 dxe4 12. Nxe4 Nxe4 13. Bxe4 Qc7 14. Bf4 g5 15.
Bxg5 Bxe5 16. dxe5 Qxe5 17. Qe3 Qxb2 18. Rab1 Qg7 19. Rd2 Na6 20. Rbd1 Nc5 21.
Bh6 Qf6 22. Bc2 e5 23. Bg5 Qg7 24. Bh6 Qf6 25. Bg5 1/2-1/2

[Event "KP 2024/25,TJ Nachod B-SK Lomnice"]
[Site "?"]
[Date "2024.12.08"]
[Round "4.5"]
[White "Pultar, Petr"]
[Black "Spinka, Petr"]
[Result "1/2-1/2"]
[WhiteElo "1879"]
[BlackElo "1957"]
[PlyCount "75"]
[EventDate "2023.??.??"]

1. d4 d5 2. Nf3 Nf6 3. c4 c6 4. Nc3 e6 5. Bg5 Nbd7 6. e3 Bb4 7. a3 Bxc3+ 8.
bxc3 Qa5 9. Qb3 dxc4 10. Bxc4 Ne4 11. Qb4 Qxb4 12. cxb4 Nxg5 13. Nxg5 Nb6 14.
Bd3 h6 15. Ne4 Nd5 16. O-O O-O 17. Rfc1 Rd8 18. Bc4 b6 19. Be2 Bb7 20. Nc3 Nc7
21. Bf3 Rd7 22. a4 a5 23. b5 Nd5 24. Bxd5 cxd5 25. Ne2 Kf8 26. Nf4 Ke7 27. Nd3
f6 28. f4 Kd6 29. Rc3 Rc8 30. Rac1 Rdc7 31. Rxc7 Rxc7 32. Rxc7 Kxc7 33. Kf2 Kd6
34. Kf3 Bc8 35. h4 h5 36. g3 Bd7 37. Kf2 Be8 38. Kf3 1/2-1/2

[Event "KP 2024/25,TJ Nachod B-SK Lomnice"]
[Site "?"]
[Date "2024.12.08"]
[Round "4.6"]
[White "Laska, Tomas"]
[Black "Hepnar, David"]
[Result "1-0"]
[WhiteElo "1912"]
[BlackElo "1838"]
[PlyCount "97"]
[EventDate "2023.??.??"]

1. e4 e5 2. Nf3 Nc6 3. Nc3 Nf6 4. Bb5 d6 5. d4 exd4 6. Nxd4 Bd7 7. O-O Be7 8.
Bxc6 bxc6 9. Re1 O-O 10. Qf3 Re8 11. Bg5 c5 12. Nf5 Bxf5 13. Qxf5 Qc8 14. Qxc8
Raxc8 15. Rad1 h6 16. Bc1 Rcd8 17. f3 Nd7 18. Nd5 Rc8 19. c4 Ne5 20. b3 a5 21.
Bb2 Nc6 22. a4 Nb4 23. Nxb4 cxb4 24. Rd5 c5 25. Kf2 Kf8 26. Red1 f6 27. f4 Kg8
28. Kf3 Rf8 29. Kg4 Kf7 30. h4 Kg6 31. h5+ Kf7 32. Kf5 Rg8 33. e5 fxe5 34. fxe5
dxe5 35. Rd7 e4 36. Kxe4 Ke6 37. Ra7 Rce8 38. Rd5 Rgf8 39. Re5+ Kd6 40. Ra6+
Kc7 41. Rae6 Kd7 42. Ra6 Bf6 43. Kd5 Bxe5 44. Bxe5 Rf5 45. Ra7+ Kd8 46. Ra8+
Kd7 47. Ra7+ Kd8 48. Kd6 Kc8 49. Ra8+ 1-0

[Event "KP 2024/25,TJ Nachod B-SK Lomnice"]
[Site "?"]
[Date "2024.12.08"]
[Round "4.7"]
[White "Novotny, Jan"]
[Black "Pospisil, Jiri"]
[Result "1/2-1/2"]
[WhiteElo "1923"]
[BlackElo "1838"]
[PlyCount "30"]
[EventDate "2023.??.??"]

1. Nf3 c5 2. g3 Nf6 3. c4 Nc6 4. Bg2 g6 5. O-O Bg7 6. d4 cxd4 7. Nxd4 O-O 8.
Nc3 a6 9. Nxc6 dxc6 10. Qa4 Qc7 11. h3 Re8 12. Be3 Bd7 13. Qb3 Be6 14. Bb6 Qc8
15. Kh2 Nd7 1/2-1/2

[Event "KP 2024/25,TJ Nachod B-SK Lomnice"]
[Site "?"]
[Date "2024.12.08"]
[Round "4.8"]
[White "Hyska, Pavel"]
[Black "Bednar, Jiri"]
[Result "1/2-1/2"]
[WhiteElo "1856"]
[BlackElo "1885"]
[PlyCount "59"]
[EventDate "2023.??.??"]

1. e4 e5 2. Nf3 Nc6 3. Nc3 Nf6 4. d4 exd4 5. Nxd4 Bb4 6. Nxc6 bxc6 7. Bd3 d5 8.
exd5 cxd5 9. O-O O-O 10. Bg5 c6 11. Na4 Be7 12. c4 Be6 13. Rc1 h6 14. cxd5 Qxd5
15. Be3 Ng4 16. Bc5 Bxc5 17. Nxc5 Ne5 18. Nxe6 Nxd3 19. Nxf8 Nxc1 20. Qxd5 Ne2+
21. Kh1 cxd5 22. Re1 Rc8 23. Nd7 Rc2 24. g3 d4 25. Kg2 Rxb2 26. Kf1 Nc3 27.
Re8+ Kh7 28. Nf8+ Kh8 29. Ng6+ Kh7 30. Nf8+ 1/2-1/2